000 00729nam a2200253Ia 4500
001 Para_2332
003 CHAP
008 220125s1961 xx 000 0 und d
010 _a200621
040 _cCHAP
090 _aPA FOLLETO 158
100 _aRamírez Genel, Marcos
_994023
245 _a¡Proteja ud. sus granos almacenados! /
_c por Marcos Ramírez Genel
260 _aChapingo, Méx. :
_b ENA. Departamento de Promoción y Divulgación
300 _a3 p.
650 _aProductos agrícolas
_x almacenamiento
_991897
901 _aPA FOLLETO 158
902 _aA
905 _a0000001961 0000000000 00
910 _a1961
942 _cPARA
942 _cPARA
_d1
999 _c200621
_d200621